| 000 | 01046aab a2200193 i 4500 | ||
|---|---|---|---|
| 001 | 768714001 | ||
| 003 | CO-MdFUSB | ||
| 005 | 20240422095758.0 | ||
| 008 | 240416t1982 ag ||||| |||| 00| 0 spa d | ||
| 040 |
_bspa _cCO-MdFUSB |
||
| 041 | _aspa | ||
| 100 | 1 |
_aZukowski de Ramírez, Elvira Ester _eautor |
|
| 245 | 3 |
_aLa educación cristiana en la familia _c/ Elvira Ester Zukowski de Ramírez |
|
| 300 |
_aVolumen 1, número 3, (octubre - diciembre, 1982), páginas: 32 - 33; 35 _c; 27 cm |
||
| 520 | _aLos diversos temas centrales de la educación cristiana incluyen necesariamente la familia y su responsabilidad educativa. En eso se centra esta nota. Después de una breve descripción de la enseñanza religiosa dada en la Biblia, se describe la enseñanza de la iglesia actual y termina con recomendaciones prácticas para la educación cristiana. | ||
| 650 | 7 |
_aEducación cristiana _9349 |
|
| 773 | 0 |
_tIglesia y Misión _049402 _959626 _gVolumen 1, número 3, (octubre - diciembre, 1982), páginas: 32 - 33; 35 _qpágina: 32 |
|
| 942 | _cANA | ||
| 999 |
_c51306 _d51306 |
||